1312 1596 1880 1045 1783 1380 1311 1742 1936 1570 1591 1836 1189 1599 1593 1177 1867 1118 1746 1356 1883 1967 1451 1794 1972 1353 1275 1865 1238 1630 1680 1735 1579 1291 1016 1854 1383 1093 1529 1221 1251 1063 1763 1991 1392 1831 1427 1617 1419 1332 1557 1335 1006 1775 1315 1035 1569 1092 1027 1331 1704 1490 1728 1138 1016 1582 1657 1513 1345 1199 1283 1227 1333 1183 1402 1780 1678 1238 1377 1553 1847 1967 1052 1167 1767 1058 1601 1903 1605 1294 1602 1113 1344 1685 1728 1114 1373 1078 1561 BCNSPRNW ULIB Ver.6.0+V

เปลี่ยนเป็นภาษาไทย

Change to English
 แสดงรายละเอียดบรรณานุกรม
  กลับหน้าหลัก

Brief Record : Get Marc (ISO 2709) : E-mail record : QR code < ปิดหน้าต่าง
LEADER : 00000nam 2200000uu 4500
001    13399122732
003     ULIB
008    020711s2555 th a 000 0 tha d
020    9786162132193
050  4 DS520^bส834ซ
100    สุภฤกษ์ บุญทอง
245    ซินจ่าว...เวียดนาม/^cสุภฤกษ์ บุญทอง
250    พิมพ์ครั้งที่ 2
260    กรุงเทพฯ :^bสกายบุ๊กส์,^c2555
300    72 หน้า
440  0 ชุด ประชาคมอาเซียนฉบับการ์ตูน
650  7 อาเซียน^xเสริมความรู้
650  7 เวียดนาม
945    ^p119^l0^i20174
999    ^aทศพร เกษรทอง
รายการนี้ยังไม่มีแท็ก
คุณยังไม่ได้ล็อกอิน คุณสามารถมีกิจกรรมร่วมกับเว็บไซต์ได้ แต่ต้องล็อกอินก่อน ::
  ล็อกอิน

รายการสื่อสารสนเทศ

ลำดับที่ ประเภท เลขเรียก/บาร์โค้ด สถานที่ สถานะ
1. การศึกษาทั่วไป
การศึกษาทั่วไป
DS520 ส834ซ ฉ.1 
  Barcode: 20174
ห้องสมุดวิทยาเขตนครสวรรค์
►หนังสือทั่วไป:l:General Books
ถูกยืม กำหนดส่งวันที่ 8 ธันวาคม 2559
  จอง

รายการใกล้เคียง
    ผู้แต่ง [สุภฤกษ์ บุญทอง]

    หัวเรื่อง [เวียดนาม]

BibComment


ยังไม่เคยถูกคอมเมนท์

คอมเมนท์ทรัพยากรรายการนี้
  คอมเมนท์: ซินจ่าวเวียดนาม ส..


 Copyright 2026. Bcnsprnw @Library